Loading...
From a shepherd boy to an intellectual /
| Main Author: | |
|---|---|
| Published: |
Sage Publishing,
|
| LEADER | 00274 a2200085 4500 | ||
|---|---|---|---|
| 100 | |a Shepherd, Kancha lliaiah | ||
| 245 | |a From a shepherd boy to an intellectual / | ||
| 260 | |b Sage Publishing, | ||
| 999 | |c 26363 |d 26363 | ||
| 952 | |0 0 |1 0 |2 ddc |4 0 |7 -1 |9 36140 |a MAIN |b MAIN |d 2019-04-27 |r 2019-04-27 |w 2019-04-27 | ||